| 000 | 01243cam a2200313 a 4500 | ||
|---|---|---|---|
| 999 |
_c127412 _d127412 |
||
| 001 | 974429 | ||
| 003 | ARRUPE | ||
| 005 | 20180117082549.0 | ||
| 008 | 850228m19841992cg d 001 0 fre | ||
| 010 | _a 85123925 | ||
| 040 |
_aDLC _cDLC _dDLC |
||
| 043 | _af-cg--- | ||
| 050 | 0 | 0 |
_aREF. GN654 _b.D53 1984 vol. 1 |
| 082 | 0 | 0 |
_a306/.03/41 _219 |
| 245 | 0 | 0 |
_aDictionnaire des rites. _cHerman Hochegger (ed.) |
| 260 |
_aBandundu, Zaïre : _bCEEBA, _cc1984-89. |
||
| 300 |
_a20 v. ; _c24 cm. |
||
| 490 | 1 |
_aPublications / CEEBA. Série I ; _vvol. 8-28 |
|
| 500 | _a"Sous la direction de Hermann Hochegger"--V. 1, p. [5] | ||
| 500 | _aVols. 14-20 have ed. statement: Ed. jubilaire 25 ans CEEBA, 1965-1990. | ||
| 500 | _aIncludes indexes. | ||
| 650 | 0 |
_aRites and ceremonies _zCongo (Democratic Republic) _xDictionaries _xFrench. _938516 |
|
| 650 | 0 |
_aEthnology _zCongo (Democratic Republic) _xDictionaries _xFrench. _938517 |
|
| 650 | 0 |
_aYanzi (African people) _xRites and ceremonies _xDictionaries _xFrench. _938518 |
|
| 651 | 0 |
_aCongo (Democratic Republic) _xSocial life and customs _xDictionaries _xFrench. _938519 |
|
| 700 | 1 |
_aHochegger, Hermann. _938498 |
|
| 830 | 0 |
_aPublications (Ceeba). _nSérie I ; _vv. 8-28. _938520 |
|
| 906 |
_a7 _bcbc _corignew _d2 _encip _f19 _gy-gencatlg |
||
| 942 |
_2lcc _cMONOGRAPH |
||